| 000 | 00941cam a2200241 4500 | ||
|---|---|---|---|
| 001 | 2728 | ||
| 005 | 20181127165610.0 | ||
| 008 | 951012s1996 nyu b 001 0 eng | ||
| 010 | _a 95043499 | ||
| 020 | _a0791040607 | ||
| 020 | _a0791040895 (pbk.) | ||
| 100 |
_aShakespeare, William, _b _c _d1564-1616. _e _q |
||
| 245 | 0 | 0 |
_a Henry IV, part one / _cWilliam Shakespeare. |
| 246 |
_aHenry IV, part 1 _b _f _h _i _n _p |
||
| 260 |
_aNew York : _bSignet Classics, _cn.d. |
||
| 300 |
_avii, : 268 ; _c18 cm. |
||
| 500 | _aElectronic copy available on RTC Cloud in "Library" folder. | ||
| 600 | 0 | 0 |
_aHenry _bIV, _cKing of England, _d1367-1413 _xIn literature. |
| 600 | 1 | 0 |
_aShakespeare, William, _d1564-1616. _tKing Henry IV. _nPart 1. |
| 600 | 1 | 1 |
_aShakespeare, William, _d1564-1616. _tKing Henry IV. _nPart 1. |
| 650 | 1 |
_aEnglish literature _xHistory and criticism. |
|
| 856 |
_a _uhttp://shakespeare.mit.edu/1henryiv/index.html _yHenry IV, part one _z _3 |
||
| 999 |
_c2187 _d2187 |
||